| 000 | 00796nam a2200229Ii 4500 | ||
|---|---|---|---|
| 003 | JO-AjNU | ||
| 008 | 230605s9999||||xx |||||||||||||| ||und|| | ||
| 017 | _a2011/6/2119 | ||
| 020 | _a978-9957-32-592-3 | ||
| 040 |
_aJO-AjNU _bara _erda _cJO-AjNU |
||
| 041 | _aara | ||
| 050 | 1 | 4 | _aHV 5801.M37 2012 |
| 100 | 3 |
_aالمراشدة، يوسف عبدالحميد, _eauthor _931924 |
|
| 245 | 0 | 0 | _aجريمة المخدرات آفة تهدد المجتمع الدولي |
| 250 | _aط1 | ||
| 264 | 3 | 1 | _aعمان: دار الحامد للنشر والتوزيع، 2012 |
| 300 |
_a447ص _bيحتوي على ببلوغرافية من 441-447ص |
||
| 336 |
_atext _btxt _2rdacontent |
||
| 337 |
_aunmediated _bn _2rdamedia |
||
| 338 |
_avolume _bnc _2rdacarrier |
||
| 650 | 4 |
_aالمخدرات _931925 |
|
| 999 |
_aA12825 _c16393 _d16393 |
||